000 00313nam a22001337a 4500
008 181206b xxu||||| |||| 00| 0 eng d
020 _a9780716724032
041 _aeng
080 _25th
_a541
100 _a12
101 _aKIM
245 _aSolutions Manual for Physical Chemistry
_cAtkins,P
942 _2udc
_cBK
999 _c52931
_d52931